[Event "Sebes GP op"]
[Site "Sebes"]
[Date "2023.11.05"]
[Round "8"]
[White "Siclovan, Cristian Daniel"]
[Black "Berechet, Stefan Mario"]
[Result "1-0"]
[WhiteElo "2139"]
[BlackElo "1977"]
[PlyCount "88"]
[EventDate "2023.11.04"]
[EventType "swiss"]
[EventRounds "10"]
[EventCountry "ROU"]
[SourceTitle "CBM 217 Extra"]
[Source "ChessBase"]
[SourceDate "2024.01.31"]
[SourceVersion "1"]
[SourceVersionDate "2024.01.31"]
[SourceQuality "1"]

1. e4 c5 2. c3 Qa5 3. Bc4 Nc6 4. Nf3 g6 5. 0-0 Bg7 6. Na3 a6 7. Re1 b5 8. Bd5 e6 9. Bxc6 dxc6 10. d4 cxd4 11. cxd4 Bb7 12. Bd2 Qc7 13. Rc1 Ne7 14. Bb4 0-0 15. Qd2 a5 16. Nxb5 Qd7 17. Bxe7 Qxe7 18. Na3 Qb4 19. Qc3 c5 20. Qxc5 Rfc8 21. Qxb4 axb4 22. Nc4 Rxa2 23. b3 Rd8 24. Rcd1 Rc2 25. Nb6 Rc3 26. Na4 Rc2 27. h4 h6 28. Nc5 Bc6 29. Nd3 Bb7 30. Nxb4 Rb2 31. Rd3 Rb8 32. d5 exd5 33. exd5 Ba8 34. Nc6 Bxc6 35. dxc6 Rc8 36. Rc1 Kf8 37. Rd7 Rxb3 38. c7 Bf6 39. Nd2 Ra3 40. Ne4 Be7 41. Nd6 Bxd6 42. Rd8+ Ke7 43. Rxc8 Ra7 44. Re8+ Kxe8 1-0

[Event "ROM-ch U20"]
[Site "Eforie Nord"]
[Date "2022.04.14"]
[Round "5"]
[White "Berechet, Stefan Mario"]
[Black "Bulau, Andrei Cristian"]
[Result "1-0"]
[WhiteElo "2024"]
[BlackElo "2170"]
[PlyCount "105"]
[EventDate "2022.04.11"]
[EventType "tourn"]
[EventRounds "9"]
[EventCountry "ROU"]
[SourceTitle "EXT 2023"]
[Source "ChessBase"]
[SourceDate "2022.10.05"]
[SourceVersion "1"]
[SourceVersionDate "2022.10.05"]
[SourceQuality "1"]

1. c4 e6 2. Nf3 d5 3. b3 c5 4. g3 Nf6 5. Bg2 Nc6 6. 0-0 Be7 7. d3 0-0 8. Na3 d4 9. Nc2 e5 10. a3 a5 11. Rb1 h6 12. Bd2 e4 13. Nfe1 Bf5 14. dxe4 Bxe4 15. Nd3 Qd7 16. f3 Bf5 17. Rb2 Bd6 18. e4 dxe3 19. Bxe3 Bxg3 20. Nxc5 Qxd1 21. Rxd1 Be5 22. Ra2 Rad8 23. Rxd8 Rxd8 24. Nxb7 Rd1+ 25. Kf2 Bxh2 26. Ke2 Rb1 27. Nd4 Nxd4+ 28. Bxd4 Rxb3 29. Nxa5 Rb8 30. Nc6 Re8+ 31. Kd2 h5 32. Kc3 Bc7 33. Rb2 h4 34. Rb7 Bg3 35. Ne7+ Rxe7 36. Rxe7 h3 37. Bh1 Nh5 38. Re8+ Kh7 39. c5 Be6 40. f4 Be1+ 41. Kc2 Ng3 42. Bf3 h2 43. c6 Ne2 44. Kd3 Nxf4+ 45. Kc2 Ne2 46. Kd3 Nf4+ 47. Kc2 Ne2 48. Be5 Ba5 49. Kd1 Ng1 50. Be4+ f5 51. Rxe6 fxe4 52. Bxh2 Nf3 53. c7 1-0

[Event "ROM-ch U18"]
[Site "Mamaia"]
[Date "2021.04.11"]
[Round "7"]
[White "Paun, Paul Stelian"]
[Black "Berechet, Stefan Mario"]
[Result "0-1"]
[WhiteElo "1373"]
[BlackElo "1991"]
[PlyCount "76"]
[EventDate "2021.04.07"]
[EventType "swiss"]
[EventRounds "9"]
[EventCountry "ROU"]
[SourceTitle "EXT 2022"]
[Source "ChessBase"]
[SourceDate "2021.10.06"]
[SourceVersion "1"]
[SourceVersionDate "2021.10.06"]
[SourceQuality "1"]

1. e4 c6 2. Nc3 d5 3. exd5 cxd5 4. Bb5+ Nc6 5. Nf3 Nf6 6. h3 e6 7. a3 Bd6 8. d3 Bd7 9. Bxc6 bxc6 10. Bg5 h6 11. Bd2 Rb8 12. Rb1 0-0 13. 0-0 Re8 14. a4 Qc7 15. b3 e5 16. Re1 Bf5 17. Kh1 Qb6 18. Re2 e4 19. dxe4 Nxe4 20. Nxe4 Bxe4 21. Ng1 c5 22. Rc1 Re6 23. f3 Bf5 24. Rxe6 Bxe6 25. Ne2 d4 26. Bf4 Rd8 27. Bxd6 Qxd6 28. Kg1 Bf5 29. Kf2 Bxh3 30. gxh3 Qh2+ 31. Ke1 Re8 32. Qd3 Re3 33. Qd1 Rxf3 34. Kd2 Rf2 35. Qe1 Qf4+ 36. Kd1 Qf3 37. Kd2 Qe3+ 38. Kd1 d3 0-1

[Event "ROM-ch U18"]
[Site "Mamaia"]
[Date "2021.04.08"]
[Round "2"]
[White "Berechet, Stefan Mario"]
[Black "Coca, Cristi Iulian"]
[Result "1/2-1/2"]
[WhiteElo "1991"]
[BlackElo "2153"]
[PlyCount "66"]
[EventDate "2021.04.07"]
[EventType "swiss"]
[EventRounds "9"]
[EventCountry "ROU"]
[SourceTitle "EXT 2022"]
[Source "ChessBase"]
[SourceDate "2021.10.06"]
[SourceVersion "1"]
[SourceVersionDate "2021.10.06"]
[SourceQuality "1"]

1. e4 c5 2. c4 Nc6 3. Nc3 g6 4. g3 Bg7 5. Bg2 Nf6 6. Nge2 d6 7. 0-0 0-0 8. d3 a6 9. h3 Rb8 10. f4 Ne8 11. Rb1 b5 12. b3 Bd7 13. Bb2 bxc4 14. dxc4 Qa5 15. Kh2 Nd4 16. Nd5 e6 17. Ne7+ Kh8 18. Nxd4 cxd4 19. Bxd4 Qd8 20. e5 Qxe7 21. exd6 Qxd6 22. Bxg7+ Kxg7 23. Qxd6 Nxd6 24. Rfd1 Nxc4 25. Rxd7 Ne3 26. Rc1 Nxg2 27. Kxg2 Rbd8 28. Rxd8 Rxd8 29. Rc2 Rd3 30. Rf2 h5 31. Rf3 Rd4 32. a3 a5 33. Rc3 Rd1 1/2-1/2

[Event "FISCA Online op"]
[Site "Chess.com INT"]
[Date "2020.06.27"]
[Round "8"]
[White "Berechet, Stefan Mario"]
[Black "Rout, Yashita"]
[Result "1-0"]
[WhiteElo "1927"]
[BlackElo "1359"]
[PlyCount "175"]
[EventDate "2020.06.19"]
[EventType "swiss"]
[EventRounds "9"]
[EventCountry "ROU"]
[SourceTitle "CBM 197 Extra"]
[Source "ChessBase"]
[SourceDate "2020.09.30"]
[SourceVersion "1"]
[SourceVersionDate "2020.09.30"]
[SourceQuality "1"]

1. c4 e6 2. Nf3 d5 3. g3 Nf6 4. Bg2 Be7 5. 0-0 0-0 6. b3 c5 7. Bb2 Nc6 8. d3 d4 9. e4 e5 10. h3 Bd6 11. Bc1 h6 12. Nh4 Bd7 13. Na3 a6 14. Nc2 Qc8 15. Kh2 Qd8 16. Bd2 b5 17. Qc1 Nh7 18. Nf5 Bxf5 19. exf5 Rc8 20. f4 exf4 21. Bxf4 Bxf4 22. Qxf4 Qf6 23. Rae1 Rfe8 24. cxb5 axb5 25. Na3 Ne5 26. Rd1 b4 27. Nc4 Nxc4 28. bxc4 Qe5 29. Qc1 Nf6 30. Rde1 Qd6 31. Bf3 Kf8 32. Kg2 Qa6 33. Qb2 Rb8 34. Kf2 Qa3 35. Qxa3 bxa3 36. Rb1 Ng8 37. Bc6 Red8 38. g4 Ne7 39. Bb5 f6 40. Rb3 Ra8 41. Re1 Rd6 42. Kf3 Kf7 43. h4 Ra7 44. h5 Ra8 45. Re2 Ra7 46. Rb1 Ra8 47. Rbe1 Ra7 48. Re4 Rb6 49. Re6 Rb8 50. Rd6 Rc8 51. Ree6 Rca8 52. Ke2 Kf8 53. Kd2 Kf7 54. Kc2 Kf8 55. Kb3 Kf7 56. Rb6 Kf8 57. Ra6 Rxa6 58. Bxa6 Kf7 59. Rb6 Kf8 60. Bb5 Kf7 61. Rb7 Kf8 62. Rc7 Rc8 63. Ra7 Nc6 64. Bxc6 Rxc6 65. Rxa3 Rb6+ 66. Kc2 Kf7 67. Ra7+ Kf8 68. a3 Rb8 69. Rc7 Ra8 70. Rxc5 Rxa3 71. Rd5 Rc3+ 72. Kd2 Ra3 73. Rxd4 Ke7 74. Ke3 Ra1 75. Ke4 Rg1 76. Kd5 Kd7 77. c5 Rc1 78. Rb4 Rd1 79. d4 Rg1 80. Rb7+ Kc8 81. Rxg7 Ra1 82. Kd6 Ra4 83. d5 Ra6+ 84. c6 Kb8 85. Rh7 Ra4 86. Rxh6 Rxg4 87. Rxf6 Rh4 88. h6 1-0

[Event "FISCA Online op"]
[Site "Chess.com INT"]
[Date "2020.06.23"]
[Round "5"]
[White "Zhukov, Anton"]
[Black "Berechet, Stefan Mario"]
[Result "1/2-1/2"]
[WhiteElo "2223"]
[BlackElo "1927"]
[PlyCount "42"]
[EventDate "2020.06.19"]
[EventType "swiss"]
[EventRounds "9"]
[EventCountry "ROU"]
[SourceTitle "CBM 197 Extra"]
[Source "ChessBase"]
[SourceDate "2020.09.30"]
[SourceVersion "1"]
[SourceVersionDate "2020.09.30"]
[SourceQuality "1"]

1. d4 g6 2. c4 Bg7 3. e4 c5 4. d5 d6 5. Nc3 Bxc3+ 6. bxc3 f5 7. exf5 Bxf5 8. Bd3 Qa5 9. Ne2 Bxd3 10. Qxd3 Nd7 11. f4 Ngf6 12. 0-0 0-0-0 13. Re1 Qa4 14. Ng3 Nb6 15. Rxe7 Qxc4 16. Qxc4 Nxc4 17. Rb1 Rd7 18. Rxd7 Nxd7 19. f5 Nf6 20. Bh6 Rg8 21. Rd1 Kd7 1/2-1/2

[Event "ROM-ch U16"]
[Site "Calimanesti Caciulata"]
[Date "2019.04.19"]
[Round "6"]
[White "Caraba, Alexandru"]
[Black "Berechet, Stefan Mario"]
[Result "1/2-1/2"]
[WhiteElo "1677"]
[BlackElo "1868"]
[PlyCount "25"]
[EventDate "2019.04.15"]
[EventType "swiss"]
[EventRounds "9"]
[EventCountry "ROU"]
[SourceTitle "CBM 190 Extra"]
[Source "ChessBase"]
[SourceDate "2019.07.15"]
[SourceVersion "1"]
[SourceVersionDate "2019.07.15"]
[SourceQuality "1"]

1. e4 c5 2. Nc3 Nc6 3. f4 g6 4. Nf3 Bg7 5. Bc4 e6 6. f5 Ne5 7. fxe6 dxe6 8. Bb5+ Bd7 9. 0-0 Ne7 10. d3 0-0 11. Bxd7 Qxd7 12. Qe1 N5c6 13. Qh4 1/2-1/2

[Event "ROM-chT U16"]
[Site "Iasi"]
[Date "2018.07.17"]
[Round "6.2"]
[White "Chipaila, Cristian Florin"]
[Black "Berechet, Stefan Mario"]
[Result "0-1"]
[WhiteElo "1413"]
[BlackElo "1890"]
[PlyCount "46"]
[EventDate "2018.07.13"]
[EventType "team-swiss"]
[EventRounds "7"]
[EventCountry "ROU"]
[SourceTitle "EXT 2020"]
[Source "ChessBase"]
[SourceDate "2019.10.17"]
[SourceVersion "1"]
[SourceVersionDate "2019.10.17"]
[SourceQuality "1"]
[WhiteTeam "Galati CC II"]
[BlackTeam "Buzau Gloria"]
[WhiteTeamCountry "ROU"]
[BlackTeamCountry "ROU"]

1. Nf3 g6 2. c4 Bg7 3. Nc3 c5 4. g3 Nc6 5. Bg2 d6 6. 0-0 e5 7. d3 Nge7 8. Bd2 0-0 9. Rb1 h6 10. a3 a5 11. Nb5 Be6 12. Qc2 Rc8 13. b4 axb4 14. axb4 cxb4 15. Bxb4 Nxb4 16. Rxb4 d5 17. Nd2 Qa5 18. Ra4 Qxb5 19. Rb1 Qd7 20. Ra7 Rc7 21. Qb3 dxc4 22. Nxc4 Bxc4 23. dxc4 Nc6 0-1

[Event "ROM-chT U16"]
[Site "Iasi"]
[Date "2018.07.14"]
[Round "2.3"]
[White "Berechet, Stefan Mario"]
[Black "Dobrin, Ionut Alexandru"]
[Result "1-0"]
[WhiteElo "1890"]
[BlackElo "1930"]
[PlyCount "103"]
[EventDate "2018.07.13"]
[EventType "team-swiss"]
[EventRounds "7"]
[EventCountry "ROU"]
[SourceTitle "EXT 2019"]
[Source "ChessBase"]
[SourceDate "2018.10.10"]
[SourceVersion "1"]
[SourceVersionDate "2018.10.10"]
[SourceQuality "1"]
[WhiteTeam "Buzau Gloria"]
[BlackTeam "Galati Smart"]
[WhiteTeamCountry "ROU"]
[BlackTeamCountry "ROU"]

1. Nf3 d5 2. c4 e6 3. g3 Nf6 4. Bg2 Be7 5. 0-0 0-0 6. b3 c5 7. Bb2 b6 8. Qc2 Nc6 9. a3 Bb7 10. d3 a6 11. Nbd2 Qc7 12. Rfe1 dxc4 13. dxc4 Rfd8 14. Rad1 e5 15. e4 Nd4 16. Qb1 a5 17. a4 Nd7 18. Bc3 Nf8 19. Nf1 f5 20. Bxd4 cxd4 21. exf5 Bf6 22. N3d2 Nd7 23. Ne4 Nc5 24. Nfd2 Rd7 25. Nxc5 bxc5 26. Bxb7 Qxb7 27. Ne4 Qc6 28. Qd3 Rb7 29. g4 Rab8 30. Rb1 Be7 31. Qg3 Qc7 32. h4 d3 33. Qxd3 Rd8 34. Qg3 Rd4 35. Nc3 Bd6 36. Nb5 Rxb5 37. axb5 e4 38. Qg2 Qe7 39. Re2 h5 40. Rbe1 Qxh4 41. Rxe4 Rd3 42. R4e3 Rd4 43. Re4 Rd3 44. g5 Qh3 45. Qxh3 Rxh3 46. g6 Rxb3 47. Re8+ Bf8 48. Ra8 Rf3 49. b6 Rxf5 50. b7 Rg5+ 51. Kf1 Rxg6 52. b8Q 1-0

[Event "ROM-chT U16"]
[Site "Iasi"]
[Date "2018.07.13"]
[Round "1.3"]
[White "Berechet, Stefan Mario"]
[Black "Antal, Hunor Zoltan"]
[Result "1-0"]
[WhiteElo "1890"]
[BlackElo "1845"]
[PlyCount "127"]
[EventDate "2018.07.13"]
[EventType "team-swiss"]
[EventRounds "7"]
[EventCountry "ROU"]
[SourceTitle "EXT 2019"]
[Source "ChessBase"]
[SourceDate "2018.10.10"]
[SourceVersion "1"]
[SourceVersionDate "2018.10.10"]
[SourceQuality "1"]
[WhiteTeam "Buzau Gloria"]
[BlackTeam "Constanta Palatul Copiilor"]
[WhiteTeamCountry "ROU"]
[BlackTeamCountry "ROU"]

1. c4 e5 2. Nc3 Nf6 3. g3 c6 4. Bg2 d5 5. cxd5 cxd5 6. d3 Nc6 7. Bg5 Be6 8. Nf3 Be7 9. 0-0 0-0 10. a3 d4 11. Bxf6 Bxf6 12. Ne4 Be7 13. Rc1 Qb6 14. Qc2 Rac8 15. Qb1 Bd5 16. Nfd2 Rfd8 17. Bh3 Rc7 18. b4 g6 19. Nc4 Bxc4 20. Rxc4 f5 21. Nc5 Nb8 22. Ne6 Rxc4 23. Nxd8 Rc3 24. Qa2+ Kh8 25. Nf7+ Kg7 26. Nxe5 Qf6 27. Nc4 Nc6 28. Bg2 b5 29. Nd2 Ne5 30. Nb1 Rc7 31. Qb2 Nd7 32. Rc1 Rxc1+ 33. Qxc1 Nb6 34. Qc7 a6 35. Qc6 Qxc6 36. Bxc6 Na4 37. Kf1 Nc3 38. Nxc3 dxc3 39. Ke1 a5 40. Bxb5 axb4 41. axb4 Bxb4 42. Kd1 Kf6 43. Kc2 Ke5 44. e3 g5 45. d4+ Kd5 46. Bd3 Ke6 47. f4 g4 48. Kb3 Ba5 49. Bc2 h5 50. Ka4 Bd8 51. Kb5 h4 52. Kc6 hxg3 53. hxg3 Bh4 54. d5+ Ke7 55. gxh4 g3 56. Kc7 g2 57. d6+ Kf7 58. d7 g1Q 59. d8Q Qxe3 60. Bb3+ Kg7 61. Qg5+ Kh7 62. Qg8+ Kh6 63. Qh8+ Kg6 64. h5# 1-0

[Event "ROM-ch"]
[Site "Olanesti"]
[Date "2018.05.14"]
[Round "1"]
[White "Berechet, Stefan Mario"]
[Black "Banzea, Alexandru Bogdan"]
[Result "0-1"]
[WhiteElo "1879"]
[BlackElo "2325"]
[PlyCount "90"]
[EventDate "2018.05.14"]
[EventType "swiss"]
[EventRounds "9"]
[EventCountry "ROU"]
[SourceTitle "CBM 184 Extra"]
[Source "ChessBase"]
[SourceDate "2018.06.28"]
[SourceVersion "1"]
[SourceVersionDate "2018.06.28"]
[SourceQuality "1"]

1. c4 Nf6 2. Nf3 e6 3. g3 d5 4. Bg2 Be7 5. b3 d4 6. Bb2 c5 7. b4 0-0 8. 0-0 a5 9. bxc5 Nc6 10. Na3 e5 11. d3 Nd7 12. Nb5 Nxc5 13. Nd2 f5 14. Nb3 Ne6 15. a4 Kh8 16. Ba3 Bxa3 17. Rxa3 Nb4 18. Qd2 f4 19. Raa1 Ng5 20. h4 Ne6 21. Rab1 Nc6 22. Be4 g5 23. Kg2 gxh4 24. Rh1 Rg8 25. Rxh4 Qxh4 26. Rh1 Rxg3+ 27. fxg3 Qxg3+ 28. Kf1 Ng5 29. Bg2 Bg4 30. Nd6 Rf8 31. Qe1 Bxe2+ 32. Qxe2 f3 33. Bxf3 Rxf3+ 34. Qxf3 Qxf3+ 35. Kg1 Qg3+ 36. Kf1 Qxd3+ 37. Kf2 Qf3+ 38. Kg1 Qxb3 39. c5 d3 40. Kh2 d2 41. Rf1 Qh3+ 42. Kg1 Qg3+ 43. Kh1 Nf3 44. Nf7+ Kg7 45. Rxf3 d1R+ 0-1

[Event "ROM-ch U16"]
[Site "Calimanesti"]
[Date "2018.04.01"]
[Round "7"]
[White "Gheorghiu, Alexandru Dan"]
[Black "Berechet, Stefan Mario"]
[Result "1/2-1/2"]
[WhiteElo "1779"]
[BlackElo "1869"]
[PlyCount "20"]
[EventDate "2018.03.27"]
[EventType "swiss"]
[EventRounds "9"]
[EventCountry "ROU"]
[SourceTitle "CBM 183 Extra"]
[Source "ChessBase"]
[SourceDate "2018.04.19"]
[SourceVersion "1"]
[SourceVersionDate "2018.04.19"]
[SourceQuality "1"]

1. e4 c5 2. c3 g6 3. d4 Bg7 4. Be3 Nf6 5. Bd3 cxd4 6. cxd4 d6 7. Nf3 0-0 8. 0-0 Nc6 9. Nbd2 Ng4 10. Qe2 Nxe3 1/2-1/2

[Event "ROM-ch U16"]
[Site "Calimanesti"]
[Date "2018.03.29"]
[Round "4"]
[White "Berechet, Stefan Mario"]
[Black "Bulau, Andrei Cristian"]
[Result "0-1"]
[WhiteElo "1869"]
[BlackElo "2021"]
[PlyCount "138"]
[EventDate "2018.03.27"]
[EventType "swiss"]
[EventRounds "9"]
[EventCountry "ROU"]
[SourceTitle "CBM 183 Extra"]
[Source "ChessBase"]
[SourceDate "2018.04.19"]
[SourceVersion "1"]
[SourceVersionDate "2018.04.19"]
[SourceQuality "1"]

1. c4 e6 2. Nf3 d5 3. g3 dxc4 4. Qa4+ Nd7 5. Qxc4 a6 6. Bg2 b5 7. Qc2 Bb7 8. 0-0 Ngf6 9. d3 Bd6 10. e4 e5 11. Nh4 0-0 12. Nf5 Nc5 13. Be3 Ne6 14. Nc3 c5 15. f4 Ng4 16. Qe2 Nxe3 17. Qxe3 Nd4 18. Nxd6 Qxd6 19. fxe5 Qxe5 20. Qf4 Qxf4 21. gxf4 Nc2 22. Rac1 Ne3 23. Rf2 Nxg2 24. Rxg2 Rfd8 25. Rg3 Rac8 26. Kf2 Rd7 27. Ke3 Rcd8 28. Rd1 Rd4 29. Rg5 c4 30. Rd5 R4xd5 31. exd5 Bxd5 32. dxc4 Re8+ 33. Kd4 Bxc4 34. b3 Be6 35. Kc5 g5 36. Rg1 Rc8+ 37. Kd4 g4 38. Ne4 Kg7 39. Ke5 Re8 40. Nd6 Re7 41. Nf5+ Bxf5+ 42. Kxf5 Re2 43. Rxg4+ Kf8 44. Kf6 Rxh2 45. f5 Rh6+ 46. Kg5 Rd6 47. Rh4 Ke7 48. Rxh7 Rd2 49. a4 bxa4 50. bxa4 Rd4 51. Rh4 f6+ 52. Kh5 Rxh4+ 53. Kxh4 Kd6 54. a5 Ke5 55. Kg4 Ke4 56. Kg3 Kxf5 57. Kf3 Ke5 58. Ke3 Kd5 59. Kf4 Kc5 60. Kf5 Kb5 61. Kxf6 Kxa5 62. Ke5 Kb4 63. Kd4 a5 64. Kd3 Kb3 65. Kd2 Kb2 66. Kd3 a4 67. Kd2 a3 68. Kd3 a2 69. Kd4 a1Q 0-1

[Event "ROM-ch U16"]
[Site "Calimanesti"]
[Date "2018.03.28"]
[Round "2"]
[White "Berechet, Stefan Mario"]
[Black "Isfan, Ioan Marius"]
[Result "0-1"]
[WhiteElo "1869"]
[BlackElo "2062"]
[PlyCount "88"]
[EventDate "2018.03.27"]
[EventType "swiss"]
[EventRounds "9"]
[EventCountry "ROU"]
[SourceTitle "CBM 183 Extra"]
[Source "ChessBase"]
[SourceDate "2018.04.19"]
[SourceVersion "1"]
[SourceVersionDate "2018.04.19"]
[SourceQuality "1"]

1. c4 b6 2. e4 Bb7 3. Nc3 e6 4. g3 Bb4 5. Nge2 f5 6. Bg2 fxe4 7. Nxe4 Nc6 8. 0-0 Nf6 9. d3 Qe7 10. a3 Bd6 11. N2c3 Be5 12. Re1 0-0-0 13. Be3 Nxe4 14. dxe4 Bxc3 15. bxc3 d6 16. Rb1 Na5 17. Qa4 Qe8 18. Qb5 a6 19. Qb4 Qc6 20. Bg5 Rde8 21. Bf1 Rhf8 22. Rbd1 Rf5 23. Bc1 Rc5 24. Rd4 Qd7 25. Rdd1 Nc6 26. Qb3 Ne5 27. f4 Nf3+ 28. Kf2 Nxe1 29. Rxe1 Rf8 30. Be3 Re5 31. Kg1 Rxe4 32. Bg2 Qc6 33. Bxe4 Qxe4 34. Re2 e5 35. Qc2 Qh1+ 36. Kf2 exf4 37. gxf4 Re8 38. Qf5+ Kb8 39. Qh3 g5 40. f5 Qe4 41. Re1 g4 42. Qg3 Rf8 43. Bxb6 Rxf5+ 44. Kg1 Qh1# 0-1

[Event "ROM-ch U14"]
[Site "Calimanesti Caciulata"]
[Date "2016.04.23"]
[Round "7"]
[White "Isfan, Ioan Marius"]
[Black "Berechet, Stefan Mario"]
[Result "1-0"]
[WhiteElo "1784"]
[BlackElo "1586"]
[PlyCount "80"]
[EventDate "2016.04.18"]
[EventType "swiss"]
[EventRounds "9"]
[EventCountry "ROU"]
[SourceTitle "CBM 172 Extra"]
[Source "ChessBase"]
[SourceDate "2016.06.21"]
[SourceVersion "1"]
[SourceVersionDate "2016.06.21"]
[SourceQuality "1"]

1. d4 e6 2. Nf3 d5 3. c4 Be7 4. Nc3 Nf6 5. e3 0-0 6. cxd5 Nxd5 7. Bd3 b6 8. e4 Nxc3 9. bxc3 Bb7 10. 0-0 Nd7 11. Re1 c5 12. Qe2 Re8 13. Bb2 Rc8 14. Red1 Qc7 15. Bb5 Red8 16. d5 Ne5 17. Nxe5 Qxe5 18. c4 Qg5 19. dxe6 f5 20. Bd7 Ra8 21. Rd3 Qg4 22. f3 Qh5 23. exf5 Qxf5 24. Rad1 h6 25. Be5 Kf8 26. Bd6 Qf6 27. Bxe7+ Kxe7 28. Rd6 Qc3 29. R6d3 Qf6 30. Qd2 Kf8 31. Rd6 Qe7 32. Qf4+ Kg8 33. R6d2 Rab8 34. Qe5 Bc8 35. Qxb8 Bxd7 36. Qc7 Qxe6 37. Qxd8+ Be8 38. Qxe8+ Qxe8 39. Rd8 Kf7 40. Rxe8 Kxe8 1-0